HAND BOOK OF PLANT BIOTECHNOLOGY (Record no. 8112)

MARC details
000 -LEADER
fixed length control field 00464nam a22001697a 4500
005 - DATE AND TIME OF LATEST TRANSACTION
control field 20221219142658.0
008 - FIXED-LENGTH DATA ELEMENTS--GENERAL INFORMATION
fixed length control field 221219b |||||||| |||| 00| 0 eng d
020 ## - INTERNATIONAL STANDARD BOOK NUMBER
ISBN 978-9383992-65-2
041 ## - LANGUAGE CODE
Language code of text/sound track or separate title eng
082 ## - DEWEY DECIMAL CLASSIFICATION NUMBER
Classification number 613.52-KUM-H
100 ## - MAIN ENTRY--AUTHOR NAME
Personal name YADAV , Dr. RAJENDRA KUMAR AND SINGH , D.R
245 ## - TITLE STATEMENT
Title HAND BOOK OF PLANT BIOTECHNOLOGY
250 ## - EDITION STATEMENT
Edition statement 1st ed.
260 ## - PUBLICATION, DISTRIBUTION, ETC. (IMPRINT)
Place of publication NEW DELHI
Name of publisher BHAVYA BOOKS PUBLICATION
Year of publication 2022
300 ## - PHYSICAL DESCRIPTION
Number of Pages 744;P.
942 ## - ADDED ENTRY ELEMENTS (KOHA)
Koha item type Books
Holdings
Lost status Damaged status Collection code Home library Current library Shelving location Date acquired Source of acquisition Cost, normal purchase price Full call number Accession Number Koha item type
    AGRICULTURE JRU Library JRU Library SHELF-2-B 07/11/2022 DONATED 995.00 613.52-KUM-H 27072 Books